[Event "GER-chT8 LH-22 Br1 email"]
[Site "GER email"]
[Date "2009.10.09"]
[Round "?"]
[White "Koch, Hans Georg"]
[Black "Kloepping, Juergen"]
[Result "0-1"]
[WhiteElo "2110"]
[BlackElo "2250"]
[PlyCount "76"]
[EventDate "2009.10.15"]
[EventType "tourn (corr)"]
[EventRounds "8"]
[EventCountry "GER"]
[SourceTitle "Corr 2013"]
[Source "ChessBase"]
[SourceDate "2012.11.12"]
[SourceVersion "1"]
[SourceVersionDate "2012.11.12"]
[SourceQuality "1"]

1. d4 d5 2. c4 c6 3. Nf3 Nf6 4. Nc3 e6 5. Bg5 h6 6. Bh4 dxc4 7. e4 g5 8. Bg3 b5 9. Ne5 h5 10. h4 g4 11. Be2 Bb7 12. 0-0 Nbd7 13. Qc2 Nxe5 14. Bxe5 Bg7 15. Bg3 Qxd4 16. Rfd1 Qb6 17. Qd2 Rh6 18. e5 Nd5 19. b3 cxb3 20. axb3 Rh8 21. Ne4 0-0-0 22. Qg5 Rdg8 23. Bc4 Bh6 24. Qxh5 Bf4 25. Qxf7 Bxg3 26. Nxg3 bxc4 27. bxc4 Rf8 28. Qxe6+ Kb8 29. Rd2 Nc7 30. Qd6 c5 31. h5 Qxd6 32. exd6 Ne6 33. Re2 Nf4 34. Re7 Ka8 35. Re5 Nxg2 36. Rxc5 Nf4 37. Ra2 Re8 38. Kh2 Nd3 0-1

[Event "GER-chT LG-1 email"]
[Site "GER email"]
[Date "2007.10.25"]
[Round "?"]
[White "Mantwill, Reiner"]
[Black "Kloepping, Juergen"]
[Result "1/2-1/2"]
[WhiteElo "2000"]
[BlackElo "2000"]
[PlyCount "71"]
[EventDate "2007.??.??"]
[EventType "tourn (corr)"]
[EventRounds "8"]
[EventCountry "GER"]
[SourceTitle "Corr 2011"]
[Source "ChessBase"]
[SourceDate "2010.08.31"]
[SourceVersion "1"]
[SourceVersionDate "2010.08.31"]
[SourceQuality "1"]

1. e4 c5 2. c3 Nf6 3. e5 Nd5 4. Nf3 Nc6 5. Bc4 Nb6 6. Bb3 d5 7. exd6 Qxd6 8. Na3 Be6 9. d4 Bxb3 10. Qxb3 cxd4 11. Nb5 Qd7 12. Nbxd4 Nxd4 13. Nxd4 e5 14. Nf3 Qc6 15. 0-0 f6 16. Rd1 Bc5 17. a4 a5 18. Qa2 Nc4 19. b3 Nb6 20. Rd3 Be7 21. Ba3 Bxa3 22. Qxa3 Nd5 23. Rad1 0-0-0 24. b4 axb4 25. cxb4 Nf4 26. b5 Rxd3 27. Rxd3 Qc4 28. Rd1 Qc2 29. Qd6 Qc7 30. Qb4 Rd8 31. Rxd8+ Qxd8 32. Ne1 Qd1 33. Qf8+ Kc7 34. Qxg7+ Kd6 35. Qf8+ Kd7 36. Qf7+ 1/2-1/2

[Event "GER-chT2 LF-21 B3 email"]
[Site "GER email"]
[Date "2007.??.??"]
[Round "?"]
[White "Kloepping, Juergen"]
[Black "Fuss, Thomas"]
[Result "1-0"]
[WhiteElo "2308"]
[BlackElo "1918"]
[PlyCount "125"]
[EventDate "2007.??.??"]
[EventType "team (corr)"]
[EventRounds "9"]
[EventCountry "GER"]
[SourceTitle "Corr 2008"]
[Source "ChessBase"]
[SourceDate "2008.06.24"]
[SourceVersion "1"]
[SourceVersionDate "2008.06.24"]
[SourceQuality "1"]

1. e4 c5 2. Nf3 Nc6 3. d4 cxd4 4. Nxd4 Nf6 5. Nc3 e5 6. Ndb5 d6 7. Bg5 a6 8. Na3 b5 9. Bxf6 gxf6 10. Nd5 f5 11. Bd3 Be6 12. 0-0 Bxd5 13. exd5 Ne7 14. c3 Bg7 15. Qh5 e4 16. Bc2 Qc8 17. Rae1 0-0 18. Bb3 a5 19. Nxb5 a4 20. Bd1 Qc5 21. Be2 Nxd5 22. Qg5 Kh8 23. Kh1 Rab8 24. Qxf5 Rxb5 25. Bxb5 Qxb5 26. Qxe4 Nc7 27. Qe2 Qxe2 28. Rxe2 a3 29. Rd1 d5 30. Re7 Rc8 31. bxa3 Kg8 32. Re3 Ra8 33. Rb1 Ne6 34. Rb3 Nc5 35. Rb5 Bf8 36. Rg3+ Kh8 37. Kg1 Ne4 38. Rf3 Rxa3 39. Rxf7 Kg8 40. Rd7 Nxc3 41. Rb8 Rxa2 42. g3 Ra6 43. Rc8 d4 44. Kg2 Nb5 45. Rb8 Rd6 46. Rdd8 Rxd8 47. Rxd8 Nd6 48. Rd7 Ne4 49. f3 Nd6 50. f4 Nf5 51. g4 Ne3+ 52. Kf3 Nf1 53. h4 Nh2+ 54. Kg3 Nf1+ 55. Kg2 Ne3+ 56. Kf3 Bg7 57. h5 h6 58. g5 Nf5 59. Rd5 Ne7 60. Ra5 hxg5 61. fxg5 Nc6 62. Ra8+ Kf7 63. h6 1-0

[Event "GER-chT2 LF-21 B3 email"]
[Site "GER email"]
[Date "2007.??.??"]
[Round "?"]
[White "Zeuner, Ulrich"]
[Black "Kloepping, Juergen"]
[Result "1/2-1/2"]
[WhiteElo "1992"]
[BlackElo "2308"]
[PlyCount "87"]
[EventDate "2007.??.??"]
[EventType "team (corr)"]
[EventRounds "9"]
[EventCountry "GER"]
[SourceTitle "Corr 2008"]
[Source "ChessBase"]
[SourceDate "2008.06.24"]
[SourceVersion "1"]
[SourceVersionDate "2008.06.24"]
[SourceQuality "1"]

1. e4 c5 2. c3 d5 3. exd5 Qxd5 4. Nf3 Nf6 5. d4 Bg4 6. dxc5 Qxc5 7. h3 Bd7 8. Be3 Qc7 9. Na3 Nc6 10. Nb5 Qb8 11. Bc4 e6 12. Qe2 Be7 13. 0-0 a6 14. Nbd4 0-0 15. Rfe1 Qc7 16. Rad1 Rac8 17. Bd3 Rfd8 18. Bg5 Nxd4 19. Nxd4 Ba4 20. b3 Be8 21. Bc4 Kh8 22. Rd3 Qa5 23. Rg3 Bd7 24. Bh4 Qc5 25. Rg5 Qb6 26. Qe3 Rg8 27. Rd1 Be8 28. Re5 Qc7 29. Qe2 Qb8 30. Nf5 Bd8 31. Nd6 Rc6 32. Nxe8 Rxe8 33. a4 Bb6 34. Bxf6 gxf6 35. Rh5 Rd8 36. a5 Ba7 37. Rxd8+ Qxd8 38. g4 Qd6 39. Kg2 Kg7 40. Qc2 Qf4 41. Qxh7+ Kf8 42. Qh6+ Qxh6 43. Rxh6 Kg7 44. Rh5 1/2-1/2

[Event "GER-ch37 V7 email"]
[Site "GER email"]
[Date "2006.10.15"]
[Round "?"]
[White "Zeh, Karl Heinz"]
[Black "Kloepping, Juergen"]
[Result "1/2-1/2"]
[WhiteElo "2054"]
[BlackElo "2308"]
[PlyCount "79"]
[EventDate "2006.??.??"]
[EventType "tourn (corr)"]
[EventRounds "10"]
[EventCountry "GER"]
[SourceTitle "Corr 2008"]
[Source "ChessBase"]
[SourceDate "2008.06.24"]
[SourceVersion "1"]
[SourceVersionDate "2008.06.24"]
[SourceQuality "1"]

1. b3 e5 2. Bb2 Nc6 3. e3 Nf6 4. Bb5 Bd6 5. a3 0-0 6. c4 a6 7. Ba4 e4 8. d4 exd3 9. Nf3 Qe7 10. Qxd3 Ne5 11. Qe2 c6 12. b4 b5 13. cxb5 Nxf3+ 14. Qxf3 axb5 15. Bb3 Be5 16. Bxe5 Qxe5 17. Ra2 Ne4 18. 0-0 d6 19. Qe2 Bd7 20. Qb2 Qg5 21. Qd4 Rae8 22. Rc1 d5 23. Nc3 Nxc3 24. Rxc3 Re4 25. Qc5 Re6 26. Qd4 Rg6 27. g3 Re8 28. a4 bxa4 29. Bxa4 Qh5 30. Bc2 Rf6 31. h4 Bh3 32. Bd1 Qf5 33. Rac2 Qd7 34. b5 cxb5 35. Rc5 Rd8 36. Rb2 Rb6 37. Be2 b4 38. Rxb4 Rxb4 39. Qxb4 d4 40. Qxd4 1/2-1/2

[Event "GER-ch37 V7 email"]
[Site "GER email"]
[Date "2006.10.14"]
[Round "?"]
[White "Kloepping, Juergen"]
[Black "Schubert, Frank"]
[Result "1/2-1/2"]
[WhiteElo "2308"]
[BlackElo "2115"]
[PlyCount "81"]
[EventDate "2006.??.??"]
[EventType "tourn (corr)"]
[EventRounds "10"]
[EventCountry "GER"]
[SourceTitle "Corr 2008"]
[Source "ChessBase"]
[SourceDate "2008.06.24"]
[SourceVersion "1"]
[SourceVersionDate "2008.06.24"]
[SourceQuality "1"]

1. e4 e5 2. Nf3 Nc6 3. Bb5 a6 4. Ba4 Nf6 5. 0-0 Be7 6. Re1 b5 7. Bb3 d6 8. c3 0-0 9. h3 Na5 10. Bc2 c5 11. d4 Qc7 12. Nbd2 cxd4 13. cxd4 Nc6 14. Nb3 a5 15. Be3 a4 16. Nbd2 Qb7 17. Rc1 exd4 18. Nxd4 Nxd4 19. Bxd4 Be6 20. Bb1 Rfc8 21. Nf3 Nd7 22. Rxc8+ Rxc8 23. Be3 Nc5 24. Nd4 Bf6 25. Nxe6 Nxe6 26. Qd5 Qxd5 27. exd5 Nc5 28. Bf4 g6 29. Re2 Be5 30. Bxe5 Re8 31. f4 f6 32. Kf2 fxe5 33. fxe5 Rxe5 34. Rxe5 dxe5 35. Ke3 Kf7 36. Bd3 b4 37. a3 bxa3 38. bxa3 Ke7 39. Bb5 Kd6 40. Bc6 h6 41. h4 1/2-1/2

[Event "GER-ch33 final email"]
[Site "GER email"]
[Date "2005.??.??"]
[Round "?"]
[White "Hemmelgarn, Klaus"]
[Black "Kloepping, Juergen"]
[Result "0-1"]
[WhiteElo "2257"]
[BlackElo "2285"]
[PlyCount "76"]
[EventDate "2005.??.??"]
[EventType "tourn (corr)"]
[EventRounds "14"]
[EventCountry "GER"]
[SourceTitle "Corr 2011"]
[Source "ChessBase"]
[SourceDate "2010.08.31"]
[SourceVersion "1"]
[SourceVersionDate "2010.08.31"]
[SourceQuality "1"]

1. d4 d5 2. c4 c6 3. Nc3 e6 4. e3 Nf6 5. Nf3 Nbd7 6. Qc2 Bd6 7. Bd3 0-0 8. 0-0 dxc4 9. Bxc4 b5 10. Be2 Bb7 11. Rd1 Qc7 12. e4 e5 13. g3 Rfe8 14. dxe5 Nxe5 15. Bg5 Nxf3+ 16. Bxf3 Qe7 17. Ne2 Be5 18. Bg2 Qb4 19. Rab1 c5 20. f3 c4 21. Be3 a6 22. b3 Rac8 23. Nd4 Qa3 24. Bf2 h5 25. Nf5 g6 26. Ne3 cxb3 27. Qxb3 Rc3 28. Qxa3 Rxa3 29. Rd2 Rc8 30. Rbd1 h4 31. gxh4 Bf4 32. Re2 Re8 33. Ng4 Nxg4 34. fxg4 Bc8 35. h3 Be6 36. Bc5 Ra4 37. a3 Rc8 38. Be7 Bc1 0-1

[Event "GER-ch33 final email"]
[Site "GER email"]
[Date "2004.??.??"]
[Round "?"]
[White "Keuter, Klaus"]
[Black "Kloepping, Juergen"]
[Result "1/2-1/2"]
[WhiteElo "2252"]
[BlackElo "2285"]
[PlyCount "126"]
[EventDate "2005.??.??"]
[EventType "tourn (corr)"]
[EventRounds "14"]
[EventCountry "GER"]
[SourceTitle "Corr 2011"]
[Source "ChessBase"]
[SourceDate "2010.08.31"]
[SourceVersion "1"]
[SourceVersionDate "2010.08.31"]
[SourceQuality "1"]

1. d4 d5 2. c4 c6 3. Nf3 Nf6 4. Nc3 e6 5. e3 Nbd7 6. Bd3 dxc4 7. Bxc4 b5 8. Bd3 Bb7 9. 0-0 a6 10. e4 c5 11. d5 Qc7 12. dxe6 fxe6 13. Bc2 Bd6 14. Ng5 Nf8 15. f4 0-0-0 16. Qe1 e5 17. Nd5 Bxd5 18. exd5 exf4 19. Bd2 Re8 20. Qf2 h6 21. Ne6 Nxe6 22. dxe6 Kb7 23. Rae1 Be5 24. Qf3+ Ka7 25. Bf5 g5 26. b4 Re7 27. Kh1 Rd8 28. Rd1 Ne8 29. bxc5 Ng7 30. Be4 Nxe6 31. Bb4 Rd4 32. Rxd4 Bxd4 33. c6 Nc5 34. Bf5 Re5 35. Rd1 a5 36. Be1 Rxf5 37. Rxd4 Re5 38. Bf2 Kb6 39. Qd1 Kxc6 40. Qf3+ Kb6 41. Qd1 Kb7 42. Rd6 h5 43. Bg1 h4 44. Qd4 Qe7 45. Qd2 Kc7 46. Rh6 b4 47. Qc2 Re2 48. Qf5 h3 49. Rxh3 Qe5 50. Qf7+ Kc6 51. Qc4 Re1 52. Rh6+ Kc7 53. Rh7+ Kd6 54. Rh6+ Ne6 55. Qa6+ Ke7 56. Qa7+ Kf8 57. Rh7 Nd8 58. h4 f3 59. gxf3 Qf6 60. Qf2 Re5 61. Qg3 gxh4 62. Rxh4 Ne6 63. Rh7 Qg5 1/2-1/2

[Event "GER-ch33 final email"]
[Site "GER email"]
[Date "2004.??.??"]
[Round "?"]
[White "Kloepping, Juergen"]
[Black "Koronowski, Heinz Juergen"]
[Result "1-0"]
[WhiteElo "2285"]
[BlackElo "2178"]
[PlyCount "63"]
[EventDate "2005.??.??"]
[EventType "tourn (corr)"]
[EventRounds "14"]
[EventCountry "GER"]
[SourceTitle "Corr 2011"]
[Source "ChessBase"]
[SourceDate "2010.08.31"]
[SourceVersion "1"]
[SourceVersionDate "2010.08.31"]
[SourceQuality "1"]

1. e4 c5 2. Nf3 Nc6 3. d4 cxd4 4. Nxd4 Nf6 5. Nc3 e5 6. Ndb5 d6 7. Bg5 a6 8. Na3 b5 9. Bxf6 gxf6 10. Nd5 f5 11. Bd3 Be6 12. 0-0 Bg7 13. Qh5 f4 14. c4 bxc4 15. Bxc4 0-0 16. Rac1 Rb8 17. b3 Qd7 18. Rfd1 Kh8 19. Qh4 Bxd5 20. Bxd5 Nb4 21. Rd2 f5 22. Qh3 f3 23. Nc4 fxg2 24. Rcd1 Rf6 25. exf5 Nxd5 26. Rxd5 Qxf5 27. Qxf5 Rxf5 28. Nxd6 Rf4 29. Ne4 Kg8 30. Rd8+ Rxd8 31. Rxd8+ Kf7 32. Nc5 1-0